| 000 | 00990cam a2200265 a 4500 | ||
|---|---|---|---|
| 001 | 14553448 | ||
| 005 | 20241128105034.0 | ||
| 008 | 060915r20081991maua b 001 0 eng | ||
| 020 | _a9780073514116 (pbk. : alk. paper) | ||
| 020 | _a007351411X (pbk. : alk. paper) | ||
| 050 | 0 | 0 |
_aPN2037 _b.W57 2008 |
| 082 | 0 | 0 |
_a792 _222 |
| 100 | 1 |
_aWilson, Edwin, _d1927- |
|
| 245 | 1 | 0 |
_aTheater : _bthe lively art / _cEdwin Wilson, Alvin Goldfarb. |
| 250 | _a6th ed. | ||
| 260 |
_aBoston : _bMcGraw Hill, _c2008. |
||
| 300 |
_a415, [25] p. : _bcol. ill. ; _c23 cm. |
||
| 650 | 0 | _aTheater. | |
| 650 | 0 |
_aTheater _xHistory. |
|
| 700 | 1 | _aGoldfarb, Alvin. | |
| 856 | 4 | 2 |
_3Contributor biographical information _uhttp://www.loc.gov/catdir/enhancements/fy0701/2006046878-b.html |
| 856 | 4 | 2 |
_3Publisher description _uhttp://www.loc.gov/catdir/enhancements/fy0701/2006046878-d.html |
| 856 | 4 | 1 |
_3Table of contents only _uhttp://www.loc.gov/catdir/enhancements/fy0701/2006046878-t.html |
| 942 |
_2lcc _cBK _n0 |
||
| 999 |
_c1684 _d1684 |
||